|
|
|
|
| LEADER |
01080nam a2200277 u 4500 |
| 001 |
10030821 |
| 003 |
upatras |
| 005 |
20210117210051.0 |
| 008 |
991103s1965 us eng |
| 040 |
|
|
|a GR-PaULI
|c GR-PaULI
|
| 041 |
0 |
|
|a eng
|
| 082 |
0 |
4 |
|a 512
|
| 100 |
1 |
|
|a Kelley, John L.
|9 154191
|
| 245 |
1 |
0 |
|a Algebra
|b a modern introduction
|c by John L. Kelley
|
| 260 |
|
|
|a Princeton
|b D. Van Nostrand Company
|c 1965
|
| 300 |
|
|
|a viii, 335 p.
|b fig.
|c 24 cm.
|
| 490 |
0 |
|
|a The university series in undergraduate mathematics
|
| 500 |
|
|
|a With the assistance of Roy Dubisch, Scott Taylor and Jamesine Friend
|
| 504 |
|
|
|a Includes index
|
| 650 |
|
4 |
|a Άλγεβρα
|9 105
|
| 760 |
0 |
|
|a The university series in undergraduate mathematics
|
| 852 |
|
|
|a GR-PaULI
|b ΠΑΤΡΑ
|b ΒΚΠ
|b ΒΣ1
|k ΑΣΧΞ
|h 512 K
|m 01993
|p 025000069448
|t 1
|
| 942 |
|
|
|2 ddc
|c BK15
|
| 952 |
|
|
|0 0
|1 0
|2 ddc
|4 0
|6 512_000000000000000_KEL
|7 0
|9 200252
|a LISP
|b LISP
|c BSC
|d 2016-04-24
|i 01993
|l 0
|o 512 KEL
|p 025000069448
|r 2016-04-24 00:00:00
|t 1
|w 2016-04-24
|y BK15
|
| 998 |
|
|
|c ΗΛΙΟΠΟΥΛΟΥ
|d 1999-11
|
| 999 |
|
|
|c 122714
|d 122714
|